BiCMOS/CMOS systems design / (Record no. 8272)
[ view plain ]
| 000 -LEADER | |
|---|---|
| fixed length control field | 01096nam a2200289 4500 |
| 001 - CONTROL NUMBER | |
| control field | 582629 |
| 005 - DATE AND TIME OF LATEST TRANSACTION | |
| control field | 20150521163950.0 |
| 007 - PHYSICAL DESCRIPTION FIXED FIELD--GENERAL INFORMATION | |
| fixed length control field | 000 |
| 008 - FIXED-LENGTH DATA ELEMENTS--GENERAL INFORMATION | |
| fixed length control field | 000 |
| 010 ## - LIBRARY OF CONGRESS CONTROL NUMBER | |
| LC control number | 90046798 |
| 020 ## - INTERNATIONAL STANDARD BOOK NUMBER | |
| International Standard Book Number | 0070087121 |
| 040 ## - CATALOGING SOURCE | |
| Original cataloging agency | UOEL |
| Transcribing agency | DLC |
| Modifying agency | DLC |
| 050 00 - LIBRARY OF CONGRESS CALL NUMBER | |
| Classification number | TK7871.99.M44 |
| Item number | B83 1991 |
| 082 00 - DEWEY DECIMAL CLASSIFICATION NUMBER | |
| Classification number | 621.39/732 |
| Edition number | 20 |
| 100 1# - MAIN ENTRY--PERSONAL NAME | |
| Personal name | Buchanan, James E. |
| Fuller form of name | (James Edgar), |
| Dates associated with a name | 1936- |
| 245 10 - TITLE STATEMENT | |
| Title | BiCMOS/CMOS systems design / |
| Statement of responsibility, etc | James E. Buchanan ; drawings by Bert D. Buchanan. |
| 260 ## - PUBLICATION, DISTRIBUTION, ETC. (IMPRINT) | |
| Place of publication, distribution, etc | New York : |
| Name of publisher, distributor, etc | McGraw-Hill, |
| Date of publication, distribution, etc | c1991. |
| 300 ## - PHYSICAL DESCRIPTION | |
| Extent | xiv, 322 p. : |
| Other physical details | ill. ; |
| Dimensions | 24 cm. |
| 500 ## - GENERAL NOTE | |
| General note | Companion vol.: CMOS/TTL digital systems design. |
| 504 ## - BIBLIOGRAPHY, ETC. NOTE | |
| Bibliography, etc | Includes bibliographical references and index. |
| 650 #0 - SUBJECT ADDED ENTRY--TOPICAL TERM | |
| Topical term or geographic name as entry element | Metal oxide semiconductors, Complementary |
| General subdivision | Design and construction. |
| Topical term or geographic name as entry element | Transistor-transistor logic circuits |
| General subdivision | Design and construction. |
| Topical term or geographic name as entry element | Bipolar integrated circuits |
| General subdivision | Design and construction. |
| 906 ## - LOCAL DATA ELEMENT F, LDF (RLIN) | |
| a | 7 |
| b | cbc |
| c | orignew |
| d | 1 |
| e | ocip |
| f | 19 |
| g | y-gencatlg |
| 942 ## - ADDED ENTRY ELEMENTS (KOHA) | |
| Source of classification or shelving scheme | Library of Congress Classification |
| Item type | Loan - Normal on open shelf |
| Withdrawn status | Lost status | Source of classification or shelving scheme | Damaged status | Not for loan | Home library | Current library | Shelving location | Date acquired | Total Checkouts | Full call number | Barcode | Date last seen | Copy number | Price effective from | Koha item type |
|---|---|---|---|---|---|---|---|---|---|---|---|---|---|---|---|
| Library of Congress Classification | UOE Main Library | UOE Main Library | Open shelf | 21/05/2015 | TK7871.99.M44 B83 1991 | 10052497 | 21/05/2015 | 10052497 | 21/05/2015 | Loan - Normal on open shelf |
